Richard Meier : the architect as designer and artist.

Bibliographic Details
Corporate Author: Rizzoli International Publications
Format: Book
Language:English
Published: New York : Rizzoli International Publications, 2003.
Subjects:

MARC

Tag First Indicator Second Indicator Subfields
LEADER 00000cam a2200000Ia 4500
001 in00002000718
005 20151031123027.0
008 040108s2003 nyua b 000 0deng d
010 |a  2003094693 
020 |a 0847825957 
035 |a (OCoLC)ocm54014793 
040 |a IG#  |c IG#  |d OCLCQ  |d GZM  |d UtOrBLW 
043 |a n-us--- 
049 |a TXAM 
082 0 4 |a 709/.2  |2 22 
090 |a NA737.M44  |b A4 2003 
245 0 0 |a Richard Meier :  |b the architect as designer and artist. 
264 1 |a New York :  |b Rizzoli International Publications,  |c 2003. 
300 |a 144 pages :  |b illustrations (some color) ;  |c 26 cm. 
336 |a text  |b txt  |2 rdacontent 
337 |a unmediated  |b n  |2 rdamedia 
338 |a volume  |b nc  |2 rdacarrier 
500 |a "This book is published in conjuction with the exhibition Richard Meier: The Architect as Designer and Artist, which originated at the Museum for Applied Art, Frankfurt."--Title page verso. 
504 |a Includes bibliographical references (page 144). 
536 |a Shirley W. Bryan and Richard R. Bryan '56 Endowment ; Humanities for Engineers. 
600 1 0 |a Meier, Richard,  |d 1934-  |v Exhibitions. 
650 0 |a Architect-designed decorative arts  |v Exhibitions. 
650 0 |a Architects as artists  |z United States. 
710 2 |a Rizzoli International Publications. 
938 |a Ingram  |b INGR  |n 0847825957 
948 |a cataloged  |b h  |c 2004/11/3  |d c  |e ceaton  |f 1:02:22 pm 
994 |a C0  |b TXA 
999 |a MARS 
999 f f |s e7a6d9f4-9a21-3582-a549-ab998f99bf31  |i c4d74805-6c42-3454-8341-a299d22a1242  |t 0 
952 f f |p normal  |a Texas A&M University  |b College Station  |c Sterling C. Evans Library  |d Evans: Library Stacks  |t 0  |e NA737.M44 A4 2003  |h Library of Congress classification  |i unmediated -- volume  |m A14831376960 
998 f f |a NA737.M44 A4 2003  |t 0  |l Evans: Library Stacks